| 000 | 00986nam a22002537a 4500 | ||
|---|---|---|---|
| 005 | 20100826122442.0 | ||
| 008 | 090109t xxu||||| |||| 00| 0urd d | ||
| 010 | _aUR-7994 | ||
| 020 |
_c450.00 _a978-93-80124-10-0 |
||
| 035 | _aU-6549 | ||
| 037 | _bDBAD/PUB | ||
| 040 |
_aDPL _burdu |
||
| 082 | _a8411 | ||
| 100 |
_912785 _aقا د ر ی شر فی سید شا ہ محمد جمیل ا لد ین |
||
| 245 |
_aعر ش فگن / _b _cقا د ر ی شر فی سید شا ہ محمد جمیل ا لد ین |
||
| 246 |
_aArsh Figan _bby Syed Shah Mohd. Jameeluddin Qadri Sharfi |
||
| 260 |
_aحید ر آ با د _c2010 _bا لا نصا ر پبلی کیشنز |
||
| 270 |
_aRiyasat Nagar _bHyderabad _e500 059 _k9391301192 |
||
| 300 |
_a374 ص _c22 س م (Hb) |
||
| 650 | _912786 | ||
| 700 | _954088 | ||
| 942 |
_2ddc _cUR _h8411 _mق ا د |
||
| 999 |
_c71899 _d71899 |
||